000 00416nam a2200169Ia 4500
005 20250423100259.0
008 250422s9999 xx 000 0 und d
020 _a0- 06- 114896- 5
050 _aPZ 7.S52967/
100 _aRobert Sharenow
245 0 _aMy mother the cheerleader
260 _bLaura Geringer books
260 _c2007
300 _a288 p
650 _aSchool integration- fiction
942 _cBK
999 _c32824
_d32824